00291nam a2200097Ia 4500100004400000650001200044654001200056245007400068260003900142546001200181 aAustralian National Training Authority  aGeneral aGeneral aNational Conference on Technical Education : The Changing needs bSouth West PubaCincinnatic1997 aENGLISH